000 00332 a2200145 4500
999 _c12712
_d12712
003 OSt
005 20240704175531.0
008 240704b ||||| |||| 00| 0 eng d
020 _a9788774072935
082 _a747
100 _a Jan Gehl
245 _aNew City Spaces
260 _b Danish Architectural Press
_c 2008
942 _2ddc